000 00487nam a2200181Ia 4500
005 20250326141615.0
008 250326s9999 xx 000 0 und d
037 _aTextbook
040 _aFMSL
_beng
_cFMSL
041 _aeng
_2eng
084 _qFMSL
100 _aNobes Christopher
245 0 _aInternational Classification of ficial Reporting
_cNobes Christopher
260 _aLondon
_bLondon, Croom Helm
_c1984
300 _a151p
942 _cTB
999 _c1291118
_d1291118